|
|
|
|
| LEADER |
00000nam a22000005a 4500 |
| 001 |
vtls001475393 |
| 003 |
SK-MaSNL |
| 005 |
20260301142809.0 |
| 008 |
240318s1906 xr 00000 cze |
| 015 |
|
|
|a SNBA19451955-013095
|
| 035 |
|
|
|a SNK000430694
|
| 040 |
|
|
|a SNK
|b slo
|c SNK
|e AACR2
|
| 041 |
1 |
|
|a cze
|h ruš
|
| 044 |
|
|
|a xr
|c CZ
|
| 080 |
|
|
|a 331.88
|2 1981
|
| 100 |
1 |
|
|a Tolstoj, Lev Nikolajevič,
|d 1828-1910
|4 aut
|9 14566
|
| 245 |
1 |
0 |
|a Koeněj Vasilěv a jiné povídky
|c L. N. Tolstoj ; přeložili Ivan Hálek, Karel Velemínsky
|
| 260 |
|
|
|a [Praha]
|b Nákladem Jana Laichtera na Král. Vinohradech
|c 1906
|
| 300 |
|
|
|a 90, [5] strán
|c V. 8°
|
| 700 |
1 |
|
|a Hálek, Ivan,
|d 1872-1945
|4 trl
|9 38553
|
| 700 |
1 |
|
|a Velemínsky, Karel
|4 trl
|9 498859
|
| 852 |
|
|
|a Slovenská národná knižnica v Martine
|b 10000
|h ID 2148
|
| 999 |
|
|
|c 771513
|d 773443
|
| 952 |
|
|
|a SNK
|b SNK
|y VYP
|7 0
|p 17A1189684
|o snkID 2148
|i snk1160/43
|3 rekatalogizácia
|0 0
|1 0
|4 0
|d 2018-04-12
|l 0
|r 2026-02-24 00:37:07
|w 2026-02-24
|